| 000 -LEADER |
| fixed length control field |
00572cam a22001931 4500 |
| 005 - DATE AND TIME OF LATEST TRANSACTION |
| control field |
20230703153846.0 |
| 008 - FIXED-LENGTH DATA ELEMENTS--GENERAL INFORMATION |
| fixed length control field |
711012s1966 nyua b 000 0 eng |
| 020 ## - INTERNATIONAL STANDARD BOOK NUMBER |
| International Standard Book Number |
9780385084765 |
| 082 00 - DEWEY DECIMAL CLASSIFICATION NUMBER |
| Classification number |
301.3 |
| Item number |
HAL |
| 100 1# - MAIN ENTRY--PERSONAL NAME |
| Personal name |
Hall, Edward T. |
| Fuller form of name |
(Edward Twitchell), |
| Dates associated with a name |
1914-2009. |
| 245 14 - TITLE STATEMENT |
| Title |
The hidden dimension |
| Statement of responsibility, etc |
[by] Edward T. Hall. |
| 250 ## - EDITION STATEMENT |
| Edition statement |
[1st ed.] |
| 260 ## - PUBLICATION, DISTRIBUTION, ETC. (IMPRINT) |
| Place of publication, distribution, etc |
Garden City, N.Y., |
| Name of publisher, distributor, etc |
Doubleday, |
| Date of publication, distribution, etc |
1966. |
| 300 ## - PHYSICAL DESCRIPTION |
| Extent |
xii, 201 p. |
| Other physical details |
illus. |
| Dimensions |
25 cm. |
| 504 ## - BIBLIOGRAPHY, ETC. NOTE |
| Bibliography, etc |
Bibliography: p. [183]-193. |
| 650 #0 - SUBJECT ADDED ENTRY--TOPICAL TERM |
| Topical term or geographic name as entry element |
Space perception. |
| 650 #0 - SUBJECT ADDED ENTRY--TOPICAL TERM |
| Topical term or geographic name as entry element |
Space and time. |
| 942 ## - ADDED ENTRY ELEMENTS (KOHA) |
| Source of classification or shelving scheme |
|